FIFA 22 90s Club - Statistics

General Stats
  • This quiz has been taken 197 times
    177 since last reset
  • The average score is 11 of 11
Answer Stats
Club Position Overall Player % Correct
Paris Saint-Germain LW 91 Neymar Jr.
100%
Tottenham Hotspur ST 90 Harry Kane
99%
Paris Saint-Germain ST 91 Kylian Mbappé
99%
Paris Saint-Germain RW 93 Lionel Messi
99%
FC Bayern München ST 92 Robert Lewandowski
99%
Atlético Madrid GK 91 Jan Oblak
98%
Manchester City CM 91 Kevin De Bruyne
98%
Manchester United ST 91 Cristiano Ronaldo
97%
FC Bayern München GK 90 Manuel Neuer
97%
FC Barcelona GK 90 Marc-André ter Stegen
97%
Chelsea CDM 90 N'Golo Kanté
96%
No matching quizzes found
Score Distribution
Percent of People with Each Score
Percentile by Number Answered
Your Score History
You have not taken this quiz since the last reset